Frank Ocean - Sweet Life (Lyrics) - Statistics

General Stats
  • This quiz has been taken 65 times
  • The average score is 248 of 344
Answer Stats
Answer % Correct
A
100%
a
100%
be
98%
be)
98%
So
98%
you
98%
The
95%
the
95%
were
95%
and
93%
And
93%
song
89%
I
86%
single,
86%
wasn't
86%
Beverly
84%
but
84%
But
84%
Hills
84%
life,
84%
life
84%
sweet
84%
Sweet
84%
sweet,
84%
best
82%
black
82%
Livin'
82%
in
80%
it
80%
since
77%
what
77%
born
75%
housekeeper
75%
Keepin'
75%
keepin'
75%
paradise,
75%
water
75%
got
73%
Heights,
73%
landscaper
73%
palm
73%
trees
73%
warm
73%
Domesticated
70%
high
70%
weren't
70%
always
68%
beach?
68%
beach
68%
good,
68%
kept
68%
see
68%
surreal,
68%
whatever
68%
Whatever
68%
why
68%
world,
68%
either
66%
feels
66%
like
66%
swallow
66%
when
66%
your
66%
You've
66%
had
64%
HD,
64%
mountain
64%
My
64%
pill
64%
real
64%
takes
64%
that
64%
to
64%
TV
64%
water's
64%
ain't
61%
blue,
61%
not
61%
peaches,
61%
pools
61%
that's
61%
too
61%
lime
59%
mango,
59%
shine
59%
vine,
59%
down
57%
free
57%
know
57%
radio
57%
sugar-
57%
turn
57%
Grape
55%
couldn't
52%
is
52%
can't
50%
Don't
48%
Ladera
48%
need
48%
Satellite
48%
exactly
43%
goin'
43%
off
43%
You're
43%
you're
43%
fully
41%
signal
41%
star
41%
vines,
41%
yeah
41%
(Yeah)
41%
crazy,
39%
It's
39%
neighborhood
39%
seem
39%
shit
39%
this
39%
wanted
39%
ape
36%
every
34%
it'd
34%
thought
34%
(Thought
34%
ah
32%
day
32%
dead
32%
gettin'
32%
grave
32%
pie
32%
reciever,
32%
sweetie
32%
til
32%
Transmittin'
32%
waves
32%
breeze
30%
catchin'
27%
everything
27%
live
25%
trippier
25%
die
20%
No matching quizzes found
Score Distribution
Percent of People with Each Score
Percentile by Number Answered
Your Score History
You have not taken this quiz